000 004740000a22001690004500
090 _aAR
_b00473
245 1 0 _aHow to manage fisheries
650 1 4 _aEcología marina
_993483
650 1 4 _aEconomía
_993484
650 1 4 _aRecursos naturales renovables
_993485
650 1 4 _aRecursos marinos
_993486
650 1 4 _aPesca
_992853
041 0 _aInglés
100 1 _aRoughgarden, Jonathan
_993487
942 _cARTICULO
773 1 _tEcological Applications
_3153
_h1
_q160-164
_d1998
_g8
999 _c9569
_d9569